000 00412pab a2200169 454500
008 180718b1973 xxu||||| |||| 00| 0 eng d
100 _aSharma, Prabhu Datta
245 _aPerspectives on Indian police
260 _c1973
300 _ap.525-551.
362 _aOct-Dec
650 _aPolice - India
650 _aPolice
773 _aIndian Journal of Public Administration
908 _aN
909 _a99936
999 _c99935
_d99935